Litigio de don Jerónimo de Quiñones, como marido de Doña Maríana del Pesso contra las monjas de santa Brigida de la ciudad de Lisboa

Detalles Bibliográficos
Otros Autores: Jerónimo de Quiñones, Mariana del Pesso
Formato: Libro
Publicado: Lisboa, 1595
Materias:
Colección:Banco de datos
Acervo:Biblioteca Palafoxiana. Colección de Manuscritos
Descripción Física:7 f. ; 22 x 31.5 cm.
Tema general:Civil
LEADER 00510nam a22001570004500
035 |a 421 
245 1 0 |a Litigio de don Jerónimo de Quiñones, como marido de Doña Maríana del Pesso contra las monjas de santa Brigida de la ciudad de Lisboa 
260 |a Lisboa, 1595 
300 |a 7 f. ; 22 x 31.5 cm. 
650 1 0 |a Civil 
700 1 |a Jerónimo de Quiñones 
700 1 |a Mariana del Pesso 
949 |a 19347/003 
942 |c PALAMANU 
943 |g Biblioteca Palafoxiana. Colección de Manuscritos 
999 |c 1068366  |d 1068366